[Event "SV Horst-Emscher 1 - SV Wattenscheid 2"]
[Site "Regionalliga 2018/2019"]
[Date "2018.09.30"]
[Round "2.8"]
[White "Tobczewski, Peter"]
[Black "Peter, Thomas"]
[Result "0-1"]
[WhiteElo "1902"]
[BlackElo "2149"]
[Annotator "Daniel"]
[PlyCount "128"]
[EventDate "2018.??.??"]

1. e4 e6 2. d4 d5 3. e5 c5 4. c3 Nc6 5. Nf3 Qb6 6. Bd3 cxd4 7. cxd4 Bd7 8. O-O
Nxd4 9. Nxd4 Qxd4 10. Nc3 a6 11. a3 Ne7 12. Kh1 Qb6 13. Qg4 h5 14. Qf4 g6 15.
Be3 Qd8 16. Qf6 Rg8 17. Bg5 Bg7 18. Qf4 Bc6 19. Rac1 Qd7 20. Rfd1 Nf5 21. Bc2
Qc7 22. Re1 Qb6 23. Red1 Qxb2 24. Rd3 Qb6 25. Ba4 Bf8 26. Rxd5 Bxa3 27. Rcd1
Be7 28. Bxc6+ Qxc6 29. Rd7 Qxd7 30. Rxd7 Kxd7 31. Bxe7 Nxe7 32. Ne4 Rgc8 33. g3
Nf5 34. Qd2+ Kc6 35. Qa5 b5 36. h3 Kd5 37. Nf6+ Kxe5 38. Qa1+ Kd6 39. Qa3+ Kc6
40. g4 hxg4 41. hxg4 Nd6 42. Qf3+ Kc7 43. Qf4 Rd8 44. Ne4 a5 45. Qe5 Ra6 46.
Qc3+ Nc4 47. Qf6 Rd7 48. Nc5 Rad6 49. Nxd7 Rxd7 50. Qf4+ $11 e5 51. Qf6 Kb7 52.
Qf3+ Kb6 53. Qa8 Rd6 54. Qb8+ Kc5 55. Qa7+ Kb4 56. Qxf7 a4 57. Qa7 a3 58. Kg2
Kc3 59. Qa8 b4 60. Qf3+ Rd3 61. Qe2 b3 62. Qe1+ Kd4 63. f3 b2 64. Qe4+ Kc3 0-1

[Event "SV Mülheim-Nord 3 - SV Welper 1"]
[Site "Regionalliga 2018/2019"]
[Date "2018.09.30"]
[Round "2.1"]
[White "Fuellgrabe, Thomas"]
[Black "Walter, Andreas"]
[Result "1/2-1/2"]
[WhiteElo "2232"]
[BlackElo "2150"]
[PlyCount "36"]
[EventDate "2018.??.??"]

1. e4 e5 2. Bc4 Nf6 3. d3 c6 4. Nf3 Be7 5. O-O d6 6. Nbd2 O-O 7. a3 Nbd7 8. Re1
Nc5 9. Ba2 Be6 10. Bb1 Bg4 11. h3 Bh5 12. Nf1 Ne6 13. Ng3 Bxf3 14. Qxf3 g6 15.
Ba2 Nd7 16. Qg4 Nf6 17. Qe2 Ne8 18. c3 Bg5 1/2-1/2

[Event "SV Mülheim-Nord 3 - SV Welper 1"]
[Site "Regionalliga 2018/2019"]
[Date "2018.09.30"]
[Round "2.2"]
[White "Wittenberg, Andreas"]
[Black "Sohlmann, Jan-Henning"]
[Result "1-0"]
[WhiteElo "2171"]
[BlackElo "2185"]
[PlyCount "109"]
[EventDate "2018.??.??"]

1. d4 Nf6 2. Nf3 d6 3. g3 g6 4. Bg2 Bg7 5. b3 c5 6. Bb2 cxd4 7. Nxd4 d5 8. c4
dxc4 9. bxc4 O-O 10. O-O Nbd7 11. Nd2 Nc5 12. Qc2 Bd7 13. N2b3 Ba4 14. Rfd1 Qb6
15. Rab1 e5 16. Nb5 Nxb3 17. Rd6 Nc5 18. Qc1 Nd3 19. exd3 Qc5 20. d4 exd4 21.
Bxd4 Qf5 22. Rb4 Ng4 23. Rd5 Qc2 24. Qxc2 Bxc2 25. Bxg7 Kxg7 26. Nc7 Rab8 27.
Rd7 Bf5 28. Re7 b6 29. h3 Nf6 30. g4 Bc8 31. c5 Ng8 32. Re8 Bd7 33. Rxb8 Rxb8
34. c6 Bxc6 35. Bxc6 Rc8 36. Ne8+ Kf8 37. Ba4 Rxe8 38. Bxe8 Kxe8 39. Ra4 a5 40.
Rd4 Ke7 41. g5 Ke6 42. Re4+ Kd6 43. Rf4 Ke6 44. Rf3 b5 45. Kf1 b4 46. Ke2 f5
47. Re3+ Kd6 48. Kd3 Ne7 49. Kc4 Nc6 50. f4 a4 51. Rd3+ Ke6 52. Kb5 Ne7 53.
Re3+ Kd6 54. Rxe7 Kxe7 55. Kxa4 1-0

[Event "SV Mülheim-Nord 3 - SV Welper 1"]
[Site "Regionalliga 2018/2019"]
[Date "2018.09.30"]
[Round "2.3"]
[White "Linde, Wolfgang"]
[Black "Zatonskih, V."]
[Result "0-1"]
[WhiteElo "2166"]
[BlackElo "2275"]
[Annotator "Daniel"]
[PlyCount "130"]
[EventDate "2018.??.??"]

1. e4 c5 2. c3 d5 3. exd5 Qxd5 4. d4 g6 5. Nf3 Bg7 6. Na3 a6 7. Bc4 Qe4+ 8. Be3
Nh6 9. O-O Bg4 10. Re1 Bxf3 11. gxf3 Qc6 12. dxc5 O-O 13. Bd5 Qc7 14. Qb3 Nc6
15. Rad1 Nf5 16. Nc4 Rad8 17. Qb6 Qc8 18. Bf4 Nh4 19. Bg3 Rxd5 20. Bxh4 Rxd1
21. Rxd1 Qe6 22. Ne3 f5 23. Qb3 Qxb3 24. axb3 h6 25. f4 e5 $11 26. Nd5 exf4 27.
Be7 Re8 28. Bd6 g5 29. Kf1 Kf7 30. Nc7 Rd8 31. Re1 Bf6 32. f3 Rd7 33. Nd5 Na5
34. Nb6 Rd8 35. b4 Nc6 36. Nd5 Rd7 37. Nxf6 Kxf6 38. Re8 Rd8 39. Re2 Kf7 40.
Ke1 Re8 41. Rxe8 Kxe8 42. Ke2 Kf7 43. h4 Kg6 44. Kd3 Kh5 45. hxg5 hxg5 46. Ke2
Kg6 47. Kd3 Kf6 48. b3 $11 Ne5+ 49. Ke2 g4 50. fxg4 fxg4 51. c4 Nc6 52. Bxf4
Nxb4 53. Ke3 Kf5 54. Bg3 Nc6 55. Kd3 a5 56. Ke3 Nb4 57. Kd4 Ke6 58. Bc7 Kd7 59.
Bg3 Kc6 60. Bf2 Na6 61. Be1 Nxc5 62. b4 Ne6+ 63. Kc3 axb4+ 64. Kxb4 Nf4 65. Kc3
g3 0-1

[Event "SV Mülheim-Nord 3 - SV Welper 1"]
[Site "Regionalliga 2018/2019"]
[Date "2018.09.30"]
[Round "2.4"]
[White "Nachbar, Benjamin"]
[Black "Schaller, Fabian"]
[Result "1/2-1/2"]
[WhiteElo "2068"]
[BlackElo "1983"]
[PlyCount "41"]
[EventDate "2018.??.??"]

1. c4 Nf6 2. Nf3 e6 3. e3 b6 4. b3 g6 5. Bb2 Bg7 6. Be2 d6 7. O-O O-O 8. Qc2
Bb7 9. Nc3 Nbd7 10. Rad1 a6 11. Rfe1 Qe7 12. d4 e5 13. dxe5 dxe5 14. e4 c5 15.
Bf1 Rad8 16. Nd5 Nxd5 17. exd5 Qd6 18. Ng5 Rfe8 19. Qc3 Qf8 20. f4 h6 21. Nh3
1/2-1/2

[Event "SV Mülheim-Nord 3 - SV Welper 1"]
[Site "Regionalliga 2018/2019"]
[Date "2018.09.30"]
[Round "2.5"]
[White "Conrad, Joachim"]
[Black "Kuipers, Dustin"]
[Result "1/2-1/2"]
[WhiteElo "1998"]
[BlackElo "2081"]
[PlyCount "53"]
[EventDate "2018.??.??"]

1. d4 d5 2. Nf3 Nf6 3. e3 c6 4. Bd3 Bg4 5. h3 Bh5 6. c4 Qb6 7. Nc3 e6 8. O-O
Be7 9. b3 Nbd7 10. Bb2 Bg6 11. Ne5 Nxe5 12. dxe5 Nd7 13. Na4 Qc7 14. cxd5 exd5
15. e6 fxe6 16. Bxg6+ hxg6 17. Bxg7 Rg8 18. Bb2 O-O-O 19. Rc1 Kb8 20. a3 g5 21.
g3 g4 22. hxg4 Bf6 23. Kg2 Bxb2 24. Nxb2 Qe5 25. Qe2 Qg7 26. Nd3 Qxg4 27. Qxg4
1/2-1/2

[Event "SV Mülheim-Nord 3 - SV Welper 1"]
[Site "Regionalliga 2018/2019"]
[Date "2018.09.30"]
[Round "2.6"]
[White "Mainusch, Martin"]
[Black "Schaller, Torsten"]
[Result "0-1"]
[WhiteElo "1948"]
[BlackElo "1951"]
[PlyCount "76"]
[EventDate "2018.??.??"]

1. Nf3 d5 2. b3 Nf6 3. Bb2 Bf5 4. e3 e6 5. Be2 Bd6 6. O-O Nbd7 7. d4 Ne4 8. c4
c6 9. Nbd2 O-O 10. Nxe4 Bxe4 11. a4 Qe7 12. Nd2 Bg6 13. Bf3 Rfe8 14. e4 dxe4
15. Nxe4 Bxe4 16. Bxe4 Qh4 17. f4 Bxf4 18. Rxf4 Qxf4 19. Bc2 Nf8 20. Qd3 Rad8
21. Rf1 Qc7 22. Qf3 Rd7 23. h4 Red8 24. h5 h6 25. Qe3 Qa5 26. c5 Qc7 27. Rf3
Rd5 28. Rg3 Kh8 29. Be4 Qe7 30. Bxd5 Rxd5 31. b4 a6 32. Qe2 Nd7 33. b5 axb5 34.
axb5 Nf6 35. bxc6 bxc6 36. Qa6 Qc7 37. Qa8+ Kh7 38. Qf8 Qxg3 0-1

[Event "SV Mülheim-Nord 3 - SV Welper 1"]
[Site "Regionalliga 2018/2019"]
[Date "2018.09.30"]
[Round "2.7"]
[White "Wallhof, Dieter"]
[Black "Grodotzki, Kenneth"]
[Result "1-0"]
[WhiteElo "1866"]
[BlackElo "1972"]
[PlyCount "75"]
[EventDate "2018.??.??"]

1. g3 f5 2. b3 Nf6 3. Bb2 d6 4. Bxf6 exf6 5. Bg2 c6 6. Nf3 Be6 7. O-O Qd7 8. c4
Na6 9. Nd4 Bf7 10. Nc3 O-O-O 11. Qc2 g6 12. a3 h5 13. b4 Nc7 14. Qa4 Bxc4 15.
Qxa7 Qf7 16. d3 Ba6 17. a4 c5 18. Rfc1 Kd7 19. bxc5 dxc5 20. Ndb5 Bd6 21. Nxd6
Kxd6 22. Bxb7 Bxb7 23. Qxb7 Qd7 24. d4 cxd4 25. Qb6+ Ke7 26. Nb5 Nxb5 27. axb5
Rb8 28. Qc5+ Kf7 29. Ra7 Rb7 30. b6 Rhb8 31. Rd1 Kg7 32. Rxd4 Qf7 33. Rd6 Re8
34. Qc6 Ree7 35. Rxb7 Rxb7 36. Rxf6 Qe7 37. Rxg6+ Kf7 38. Rh6 1-0

[Event "SV Mülheim-Nord 3 - SV Welper 1"]
[Site "Regionalliga 2018/2019"]
[Date "2018.09.30"]
[Round "2.8"]
[White "Brockhaus, Bernd"]
[Black "Hoettler, Alexander Walter"]
[Result "1-0"]
[WhiteElo "1952"]
[BlackElo "1680"]
[Annotator "Daniel"]
[PlyCount "47"]
[EventDate "2018.??.??"]

1. d4 Nf6 2. Bg5 Ne4 3. Bf4 d5 4. f3 Nf6 5. Nc3 a6 6. e4 e6 7. e5 Nfd7 8. Nb1
c5 9. c3 Nc6 10. Be3 b5 11. f4 Qb6 12. Nf3 Bb7 13. Be2 Be7 14. Nbd2 cxd4 15.
cxd4 Na5 16. b3 Ba3 $11 17. Kf2 Bb2 18. Rb1 Bc3 19. b4 Nc6 20. a3 Ne7 21. Nb3
Nf5 22. Qd3 f6 23. Qxc3 fxe5 24. dxe5 1-0

[Event "SV Kamen 1 - SG Bochum 2"]
[Site "Regionalliga 2018/2019"]
[Date "2018.09.30"]
[Round "2.1"]
[White "Tkachuk, Konstantyn"]
[Black "Weidemann, Christian"]
[Result "1/2-1/2"]
[WhiteElo "2262"]
[BlackElo "2290"]
[PlyCount "29"]
[EventDate "2018.??.??"]

1. e4 c5 2. c4 Nc6 3. Ne2 Nf6 4. Nbc3 e6 5. d4 cxd4 6. Nxd4 Bb4 7. Nxc6 dxc6 8.
Qxd8+ Kxd8 9. Bg5 e5 10. O-O-O+ Kc7 11. f3 Nd7 12. a3 Bxc3 13. bxc3 f6 14. Be3
b6 15. Be2 1/2-1/2

[Event "SV Kamen 1 - SG Bochum 2"]
[Site "Regionalliga 2018/2019"]
[Date "2018.09.30"]
[Round "2.3"]
[White "Stricker, Florian"]
[Black "Luetke, Jens"]
[Result "0-1"]
[WhiteElo "2037"]
[BlackElo "2188"]
[PlyCount "78"]
[EventDate "2018.??.??"]

1. Nf3 e6 2. g3 b6 3. Bg2 Bb7 4. d3 c5 5. c3 Be7 6. Nbd2 Nf6 7. e4 d6 8. O-O
O-O 9. Re1 Qc7 10. a4 a6 11. Qe2 Nc6 12. h3 Nd7 13. Nh2 b5 14. f4 Nb6 15. g4
Nxa4 16. g5 Nb6 17. Ndf3 Rae8 18. e5 Rd8 19. Ng4 Kh8 20. h4 Nd5 21. h5 Na5 22.
Qc2 c4 23. dxc4 bxc4 24. Nd4 dxe5 25. fxe5 Bc5 26. Rxa5 Qxa5 27. Qf2 Nxc3 28.
bxc3 Qxc3 29. Bxb7 Rxd4 30. Ne3 Rg4+ 31. Bg2 Rxg5 32. Bb2 Qd3 33. h6 Rb8 34.
hxg7+ Rxg7 35. Bc1 Rb1 36. Bd2 c3 37. Rxb1 Qxb1+ 38. Kh2 cxd2 39. Qxd2 Qg6 0-1

[Event "SV Kamen 1 - SG Bochum 2"]
[Site "Regionalliga 2018/2019"]
[Date "2018.09.30"]
[Round "2.6"]
[White "Kleinegger, Frank"]
[Black "Zeldin, Vitali"]
[Result "1/2-1/2"]
[WhiteElo "2065"]
[BlackElo "1979"]
[PlyCount "62"]
[EventDate "2018.??.??"]

1. d4 d5 2. Nf3 Nf6 3. c4 e6 4. g3 Bb4+ 5. Bd2 Bxd2+ 6. Nbxd2 O-O 7. Bg2 Nbd7
8. Qc2 b6 9. O-O c5 10. cxd5 exd5 11. Rfd1 Ba6 12. e3 Re8 13. Qa4 Bb7 14. Rac1
a6 15. Qc2 g6 16. b3 Rc8 17. Qb2 Qe7 18. Nb1 b5 19. dxc5 Nxc5 20. Nc3 b4 21.
Ne2 Nce4 22. Ned4 Nc3 23. Re1 Nfe4 24. Nd2 Nc5 25. Bf1 Qf6 26. Nb1 N3e4 27. Qe2
Rc7 28. Rc2 Rec8 29. Rec1 Ne6 30. Rxc7 Rxc7 31. Rxc7 Nxc7 1/2-1/2

[Event "SV Kamen 1 - SG Bochum 2"]
[Site "Regionalliga 2018/2019"]
[Date "2018.09.30"]
[Round "2.7"]
[White "Fistoul, Boris"]
[Black "Georg, Heinz"]
[Result "1/2-1/2"]
[WhiteElo "1921"]
[BlackElo "2071"]
[PlyCount "103"]
[EventDate "2018.??.??"]

1. d4 f5 2. c4 Nf6 3. e3 e6 4. Nc3 Be7 5. Bd3 b6 6. Nge2 Bb7 7. O-O O-O 8. f3
c5 9. Qc2 Nc6 10. a3 g6 11. b3 Rc8 12. Kh1 Rf7 13. Bb2 Qf8 14. Bc1 Bd6 15. Bd2
Qh6 16. h3 g5 17. d5 Ne5 18. e4 f4 19. Kg1 Ba6 20. a4 Bc7 21. Nb5 Bb8 22. Rad1
Bb7 23. Bc3 a6 24. Na3 exd5 25. cxd5 Ne8 26. Nc4 Nxd3 27. Qxd3 b5 28. Ne5 Re7
29. Ng4 Qg6 30. axb5 h5 31. Nf2 axb5 32. b4 Ba7 33. Ra1 c4 34. Qd1 Be3 35. Bd4
Qd6 36. Rb1 Ra8 37. Nc3 Qb8 38. Re1 Bxd4 39. Qxd4 Nd6 40. Ra1 Rxa1 41. Rxa1 Re8
42. Ra5 Bc8 43. Qa7 Qxa7 44. Rxa7 Kf7 45. Kf1 Kf6 46. Ra5 Ke5 47. Ke1 Kd4 48.
Kd2 Bb7 49. Nxb5+ Nxb5 50. Rxb5 c3+ 51. Kc2 Ba6 52. Ra5 1/2-1/2

[Event "SV Kamen 1 - SG Bochum 2"]
[Site "Regionalliga 2018/2019"]
[Date "2018.09.30"]
[Round "2.8"]
[White "Georg, Felix"]
[Black "Shevchuk, Arseniy"]
[Result "1/2-1/2"]
[WhiteElo "1989"]
[BlackElo "1821"]
[PlyCount "97"]
[EventDate "2018.??.??"]

1. Nf3 Nf6 2. c4 g6 3. b4 Bg7 4. Bb2 Na6 5. Qb3 c5 6. a3 Qb6 7. b5 Nc7 8. d4 d5
9. e3 O-O 10. dxc5 Qxc5 11. Bd4 Qd6 12. c5 Qd8 13. Nbd2 Ne6 14. Bd3 Qc7 15. Rc1
Nxd4 16. exd4 Qf4 17. O-O g5 18. g3 Qg4 19. Rfe1 e6 20. Ne5 Qh3 21. Bf1 Qh5 22.
Be2 Qh6 23. c6 b6 24. Rc3 g4 25. Re3 Qg5 26. f4 Qh5 27. Qd1 a6 28. a4 axb5 29.
axb5 Ra5 30. Nb3 Ra2 31. Qb1 Ra4 32. Qd1 Ra2 33. Qb1 Ra4 34. Qb2 Ne4 35. Bxg4
Qh6 36. Ra1 Rxa1+ 37. Qxa1 Nd6 38. Be2 f6 39. Ng4 Qg6 40. Nf2 h5 41. Qd1 h4 42.
Bh5 Qh6 43. Bg4 hxg3 44. hxg3 Qg6 45. Bh5 Qh7 46. Be2 Kh8 47. g4 Qg6 48. Qd3
Qxd3 49. Bxd3 1/2-1/2

[Event "Weiße Dame Borbeck 1 - SC Hansa Dortmun"]
[Site "Regionalliga 2018/2019"]
[Date "2018.09.30"]
[Round "2.1"]
[White "Kalka, Arkadius Georg"]
[Black "Loyen, Egbert"]
[Result "1-0"]
[WhiteElo "2284"]
[BlackElo "2189"]
[PlyCount "49"]
[EventDate "2018.??.??"]

1. d4 d6 2. Nf3 g6 3. e4 Nf6 4. Nc3 Bg7 5. Bc4 O-O 6. Qe2 c6 7. e5 dxe5 8. dxe5
Nd5 9. h3 Na6 10. O-O Nac7 11. Rd1 Be6 12. Ne4 Qb8 13. Bb3 a5 14. Nc5 b5 15.
Nd4 Qe8 16. c4 bxc4 17. Ba4 Nb4 18. a3 Bd5 19. axb4 axb4 20. Bd2 b3 21. Rac1
Ne6 22. Ncxe6 fxe6 23. Rxc4 Rxa4 24. Rxa4 c5 25. Nb5 1-0

[Event "Weiße Dame Borbeck 1 - SC Hansa Dortmun"]
[Site "Regionalliga 2018/2019"]
[Date "2018.09.30"]
[Round "2.2"]
[White "Hillenbrand, Michael"]
[Black "Sundorf, Jannik"]
[Result "1/2-1/2"]
[WhiteElo "2087"]
[BlackElo "2108"]
[PlyCount "72"]
[EventDate "2018.??.??"]

1. g3 d5 2. Bg2 c6 3. b3 Nf6 4. Bb2 g6 5. Nf3 Bg7 6. c4 O-O 7. O-O Nbd7 8. cxd5
cxd5 9. Nc3 b6 10. Rc1 Bb7 11. d3 Rc8 12. Qd2 a6 13. Rfd1 Nb8 14. Na4 Nc6 15.
Ne5 a5 16. Nxc6 Bxc6 17. Bd4 Nd7 18. Bxg7 Kxg7 19. d4 Bxa4 20. bxa4 Nf6 21.
Rxc8 Qxc8 22. Rc1 Qd7 23. Qc2 e6 24. Qc6 Qxc6 25. Rxc6 Rb8 26. Bf3 Kf8 27. e3
Ne8 28. Be2 Ke7 29. Bb5 Nd6 30. Rc7+ Kf6 31. Rc6 Ke7 32. Rc7+ Kf6 33. Kf1 Rc8
34. Rxc8 Nxc8 35. Ke2 Nd6 36. Bd3 h6 1/2-1/2

[Event "Weiße Dame Borbeck 1 - SC Hansa Dortmun"]
[Site "Regionalliga 2018/2019"]
[Date "2018.09.30"]
[Round "2.3"]
[White "Babar, Michael"]
[Black "Klasmeier, Jens"]
[Result "1/2-1/2"]
[WhiteElo "2127"]
[BlackElo "2090"]
[PlyCount "39"]
[EventDate "2018.??.??"]

1. Nf3 Nf6 2. c4 g6 3. b3 Bg7 4. Bb2 O-O 5. g3 b6 6. Bg2 Bb7 7. O-O d6 8. d4
Nbd7 9. Re1 Re8 10. d5 e5 11. dxe6 fxe6 12. Nc3 Nc5 13. b4 Nce4 14. Qb3 Qe7 15.
Rad1 a5 16. a3 axb4 17. axb4 Nxc3 18. Bxc3 Nd7 19. Bxg7 Kxg7 20. Qc3+ 1/2-1/2

[Event "Weiße Dame Borbeck 1 - SC Hansa Dortmun"]
[Site "Regionalliga 2018/2019"]
[Date "2018.09.30"]
[Round "2.4"]
[White "Dewenter, Ulf"]
[Black "Schiefelbusch, Dirk"]
[Result "0-1"]
[WhiteElo "2109"]
[BlackElo "2015"]
[Annotator "Daniel"]
[PlyCount "72"]
[EventDate "2018.??.??"]

1. Nf3 d5 2. c4 c6 3. d4 Nf6 4. Nc3 dxc4 5. e4 b5 6. a4 b4 7. Na2 Nxe4 8. Bxc4
e6 9. O-O Be7 10. Re1 Nd6 11. Bd3 a5 12. Bf4 O-O 13. Nc1 Ba6 14. Nb3 Nd7 15.
Rc1 Bxd3 16. Qxd3 Qb6 17. Nc5 Nf6 18. Bg5 Rad8 19. Ne5 Rfe8 $11 20. Nxc6 Qxc6
21. Nxe6 Qxa4 22. Nxd8 Bxd8 23. Qa6 Rxe1+ 24. Rxe1 Qd7 25. d5 Nde4 26. Bxf6
Nxf6 27. d6 g6 28. b3 Kg7 29. Kf1 Qf5 30. f3 Qd5 31. Re3 Qd2 32. Rd3 Qc1+ 33.
Ke2 Qc2+ 34. Rd2 Qxb3 35. g4 h6 36. h4 Nd5 0-1

[Event "Weiße Dame Borbeck 1 - SC Hansa Dortmun"]
[Site "Regionalliga 2018/2019"]
[Date "2018.09.30"]
[Round "2.5"]
[White "Berndt, Joachim"]
[Black "Poetter, Clemens"]
[Result "1/2-1/2"]
[WhiteElo "2040"]
[BlackElo "2011"]
[PlyCount "78"]
[EventDate "2018.??.??"]

1. c4 e6 2. Nc3 d5 3. cxd5 exd5 4. d4 Nf6 5. Bg5 Be7 6. e3 O-O 7. Bd3 c6 8. Qc2
Nbd7 9. Nf3 Re8 10. O-O h6 11. Bf4 Nh5 12. Nxd5 Nxf4 13. Nxf4 Bd6 14. Nh5 Nf8
15. Ng3 Bg4 16. Nd2 Qh4 17. Rae1 Re7 18. h3 h5 19. hxg4 hxg4 20. Nc4 Bc7 21.
Ne5 g6 22. Ne4 Nh7 23. g3 Qh5 24. f4 gxf3 25. Qh2 Rxe5 26. dxe5 Qxe5 27. Rxf3
f5 28. Nc3 Ng5 29. Rf4 Kg7 30. Qh4 Bd8 31. Qh1 Bb6 32. Nd1 Rh8 33. Qg2 Nh3+ 34.
Kf1 Nxf4 35. exf4 Qd4 36. Be2 Ba5 37. Nc3 Bb6 38. Nd1 Ba5 39. Nc3 Bb6 1/2-1/2

[Event "Weiße Dame Borbeck 1 - SC Hansa Dortmun"]
[Site "Regionalliga 2018/2019"]
[Date "2018.09.30"]
[Round "2.6"]
[White "Korste, Sebastian"]
[Black "Burchert, Wolfgang"]
[Result "0-1"]
[WhiteElo "1922"]
[BlackElo "2000"]
[PlyCount "44"]
[EventDate "2018.??.??"]

1. Nf3 c5 2. e3 Nf6 3. c4 e6 4. d4 d5 5. a3 cxd4 6. exd4 Be7 7. c5 O-O 8. Bd3
a5 9. Qc2 b6 10. Be3 Ba6 11. Nbd2 Bxd3 12. Qxd3 Ng4 13. Rc1 Nxe3 14. Qxe3 Nc6
15. O-O bxc5 16. Rxc5 Bxc5 17. dxc5 Qf6 18. Qb3 Rab8 19. Qa4 Rfc8 20. b3 Qc3
21. Qf4 Qxc5 22. Ng5 Qe7 0-1

[Event "Weiße Dame Borbeck 1 - SC Hansa Dortmun"]
[Site "Regionalliga 2018/2019"]
[Date "2018.09.30"]
[Round "2.7"]
[White "Linker, Walter"]
[Black "Friedrich, Patrick"]
[Result "0-1"]
[WhiteElo "2011"]
[BlackElo "1913"]
[PlyCount "60"]
[EventDate "2018.??.??"]

1. f4 d5 2. Nf3 Nf6 3. e3 Bg4 4. b3 Nbd7 5. Bb2 Bxf3 6. Qxf3 c6 7. d4 e6 8. Bd3
Bb4+ 9. c3 Be7 10. O-O Qb6 11. Nd2 h5 12. c4 Qa5 13. Qe2 g6 14. e4 Bb4 15. Nf3
dxe4 16. Bxe4 Nxe4 17. Qxe4 O-O 18. a3 Be7 19. Kh1 Nf6 20. Qe2 Qf5 21. Ne5 Rfe8
22. Rad1 Rad8 23. Qf2 Bf8 24. d5 cxd5 25. Qxa7 dxc4 26. Rxd8 Rxd8 27. Qxb7 Ne4
28. Nxc4 Qxf4 29. Ne3 Nf2+ 30. Rxf2 Qxf2 0-1

[Event "Weiße Dame Borbeck 1 - SC Hansa Dortmun"]
[Site "Regionalliga 2018/2019"]
[Date "2018.09.30"]
[Round "2.8"]
[White "Kindermann, Carsten"]
[Black "Zelt, Jens"]
[Result "1/2-1/2"]
[WhiteElo "1908"]
[BlackElo "2075"]
[PlyCount "49"]
[EventDate "2018.??.??"]

1. e4 c5 2. c3 d5 3. exd5 Qxd5 4. d4 e6 5. Nf3 Nc6 6. Be2 cxd4 7. cxd4 Bb4+ 8.
Nc3 Nf6 9. O-O Qd8 10. Qb3 Be7 11. Rd1 O-O 12. Bf4 a6 13. a4 b6 14. Rac1 Bb7
15. Be5 Rc8 16. Bxf6 Bxf6 17. d5 Na5 18. Qb4 Bxc3 19. Rxc3 Rxc3 20. Qxc3 Bxd5
21. b4 Nc6 22. Bxa6 Qa8 23. Bb5 Ne7 24. Ne1 Rc8 25. Qe3 1/2-1/2

[Event "SV Bochum-Linden 1 - SV Rot-Weiß-Altene"]
[Site "Verbandsliga - Gruppe 1 2018/"]
[Date "2018.10.07"]
[Round "2.1"]
[White "PraÃŸ, Marian"]
[Black "Hahn, Matthias"]
[Result "1/2-1/2"]
[WhiteElo "1986"]
[BlackElo "2052"]
[Annotator "Daniel"]
[PlyCount "45"]
[EventDate "2018.??.??"]

1. e4 e5 2. Nf3 Nc6 3. Bc4 Nf6 4. d3 Bc5 5. Nc3 O-O 6. h3 h6 7. a3 d6 8. Na4
Bb6 9. O-O Be6 10. Qe2 Bxc4 $11 11. dxc4 Nd4 12. Nxd4 Bxd4 13. c3 Bb6 14. Rd1
Qe8 15. Nxb6 axb6 16. b3 Qe6 17. Rb1 Kh7 18. a4 Ng8 19. Qd3 Ne7 20. Be3 f5 21.
exf5 Qxf5 22. f3 Qxd3 23. Rxd3 1/2-1/2

[Event "SV Bochum-Linden 1 - SV Rot-Weiß-Altene"]
[Site "Verbandsliga - Gruppe 1 2018/"]
[Date "2018.10.07"]
[Round "2.2"]
[White "Schreck, Roland"]
[Black "Kordonowski, Frank"]
[Result "1-0"]
[WhiteElo "2123"]
[BlackElo "2002"]
[PlyCount "147"]
[EventDate "2018.??.??"]

1. c4 Nf6 2. Nc3 e6 3. g3 d5 4. Bg2 Be7 5. Nf3 O-O 6. d4 dxc4 7. O-O c5 8. dxc5
Qxd1 9. Rxd1 Bxc5 10. Ne5 Nc6 11. Nxc6 bxc6 12. Bxc6 Rb8 13. Na4 Be7 14. Bf4
Rb4 15. a3 Rb3 16. Rac1 Ba6 17. Bd6 Bxd6 18. Rxd6 Rbb8 19. Bf3 Bb5 20. Nc3 Rfc8
21. Nxb5 Rxb5 22. Rxc4 Rcb8 23. b4 a5 24. Rdc6 axb4 25. Rc8+ Ne8 26. Rxb8 Rxb8
27. Rxb4 Rxb4 28. axb4 Nd6 29. Kf1 Kf8 30. Ke1 Ke7 31. Kd2 Kd7 32. Kc3 e5 33.
Bd5 f6 34. e3 Kc7 35. Kb3 Kb6 36. g4 g5 37. f3 h6 38. Be4 Kb5 39. Bd3+ Kb6 40.
Ka4 Nb7 41. Ka3 Nd6 42. Kb3 Kc6 43. Ka4 Kb6 44. b5 Nb7 45. Kb4 Nd6 46. Be2 f5
47. h3 e4 48. fxe4 fxg4 49. hxg4 Nxe4 50. Kc4 Ng3 51. Bf3 Nf1 52. Kd4 Ng3 53.
Bc6 h5 54. gxh5 Nxh5 55. Ke5 g4 56. Kf5 g3 57. Kg4 g2 58. Bxg2 Nf6+ 59. Kf5 Nd7
60. Bc6 Nc5 61. Ke5 Nd3+ 62. Kd5 Kc7 63. Be8 Nb4+ 64. Kc4 Nc2 65. e4 Kb6 66. e5
Ne3+ 67. Kd4 Nf5+ 68. Kd5 Ng7 69. Bc6 Kc7 70. e6 Nf5 71. Ke5 Ne7 72. Bd7 Ng6+
73. Kf6 Nf4 74. Bc6 1-0

[Event "SV Bochum-Linden 1 - SV Rot-Weiß-Altene"]
[Site "Verbandsliga - Gruppe 1 2018/"]
[Date "2018.10.07"]
[Round "2.3"]
[White "Birdaini, Becir"]
[Black "Schaper, Steffen"]
[Result "0-1"]
[WhiteElo "2043"]
[BlackElo "1995"]
[Annotator "Daniel"]
[PlyCount "132"]
[EventDate "2018.??.??"]

1. e4 c5 2. Nf3 Nc6 3. Bb5 g6 4. O-O Bg7 5. Bxc6 dxc6 6. Re1 e5 7. d3 Qe7 8. b3
Nf6 9. Nbd2 O-O 10. Nc4 Nd7 11. a4 b5 12. Ne3 Bb7 13. h3 Rfd8 14. Qe2 Nf8 15.
Ng4 Ne6 16. Be3 Nd4 17. Nxd4 cxd4 18. Bd2 h5 19. Nh2 a6 20. f4 exf4 21. Bxf4 c5
22. Nf3 Re8 23. Qd2 c4 24. bxc4 bxc4 25. Rab1 Bc6 26. a5 cxd3 27. cxd3 Bb5 28.
Rbc1 Rac8 29. e5 Qa3 30. Rxc8 Rxc8 31. Nxd4 Bxd3 32. Re3 Qc1+ 33. Qxc1 Rxc1+
34. Kh2 Bc4 35. e6 fxe6 36. Nxe6 Bf6 37. Nc7 Kf7 38. Ne8 Be7 39. Nc7 Rc2 40.
Be5 Bg5 41. Rf3+ Ke7 42. Rg3 Bf6 43. Bxf6+ Kxf6 44. Re3 g5 45. Ne8+ Kg6 46. Kg1
$11 Bd5 47. g3 Rg2+ 48. Kf1 Ra2 49. Nc7 Bc4+ 50. Ke1 Rxa5 51. Rc3 Ra1+ 52. Kf2
Bf1 53. h4 gxh4 54. gxh4 a5 55. Nd5 a4 56. Rg3+ Kf7 57. Rg1 a3 58. Nc3 Rc1 59.
Rxf1 Rxc3 60. Kg2+ Ke6 61. Rf4 a2 62. Ra4 Rc2+ 63. Kg3 Kd5 64. Kf3 Kc5 65. Ke3
Kb5 66. Ra8 Kc4 0-1

[Event "SV Bochum-Linden 1 - SV Rot-Weiß-Altene"]
[Site "Verbandsliga - Gruppe 1 2018/"]
[Date "2018.10.07"]
[Round "2.4"]
[White "Boehm, Ingo"]
[Black "Cavasin, Joerg"]
[Result "1-0"]
[WhiteElo "2035"]
[BlackElo "1923"]
[PlyCount "63"]
[EventDate "2018.??.??"]

1. e4 c5 2. Nf3 d6 3. d4 cxd4 4. Nxd4 Nf6 5. Nc3 a6 6. Bc4 Qc7 7. Bb3 e6 8. O-O
Nc6 9. a3 Be7 10. Kh1 O-O 11. f4 Bd7 12. f5 e5 13. Nde2 Rac8 14. Bg5 Na5 15.
Bxf6 Bxf6 16. Nd5 Qd8 17. Ba2 Bb5 18. Rf3 Bxe2 19. Qxe2 b5 20. Rd1 Nc4 21. c3
Nb6 22. Nb4 a5 23. Nd5 Nxd5 24. Rxd5 Rc5 25. Rfd3 Qb8 26. Rxd6 b4 27. Rxf6 bxc3
28. bxc3 gxf6 29. Qg4+ Kh8 30. Qh4 Rg8 31. Qxf6+ Rg7 32. Rd8+ 1-0

[Event "SV Bochum-Linden 1 - SV Rot-Weiß-Altene"]
[Site "Verbandsliga - Gruppe 1 2018/"]
[Date "2018.10.07"]
[Round "2.5"]
[White "Rohloff, Markus"]
[Black "Schmidt, Ralph"]
[Result "0-1"]
[WhiteElo "1901"]
[BlackElo "1934"]
[PlyCount "48"]
[EventDate "2018.??.??"]

1. e4 e5 2. f4 exf4 3. Nf3 Nf6 4. e5 Nh5 5. d4 d6 6. Bc4 d5 7. Bd3 c5 8. c3 Bg4
9. O-O Nc6 10. Na3 cxd4 11. cxd4 Qb6 12. Nc2 Be7 13. Bd2 Nxe5 14. Re1 Bxf3 15.
gxf3 Nxd3 16. Rxe7+ Kxe7 17. Qe2+ Kf8 18. Kh1 Qg6 19. Rd1 Re8 20. Qf1 Kg8 21.
Bc3 Nxb2 22. Re1 Rxe1 23. Qxe1 h6 24. Nb4 Nd3 0-1

[Event "SV Bochum-Linden 1 - SV Rot-Weiß-Altene"]
[Site "Verbandsliga - Gruppe 1 2018/"]
[Date "2018.10.07"]
[Round "2.6"]
[White "Hochstein, Udo"]
[Black "Avgustin, Thomas"]
[Result "1/2-1/2"]
[WhiteElo "1893"]
[BlackElo "1738"]
[PlyCount "78"]
[EventDate "2018.??.??"]

1. d4 Nf6 2. c4 g6 3. Nc3 d5 4. cxd5 Nxd5 5. e4 Nxc3 6. bxc3 c5 7. Nf3 Bg7 8.
Rb1 a6 9. Be2 Nc6 10. d5 Bxc3+ 11. Bd2 Bxd2+ 12. Qxd2 Nb8 13. Qc3 f6 14. Qxc5
O-O 15. O-O Bg4 16. Rxb7 Nd7 17. Qe3 Bxf3 18. Bxf3 Qc8 19. Rfb1 Rb8 20. Rxb8
Nxb8 21. g3 Qc7 22. Bg4 Kg7 23. Be6 Nd7 24. Rc1 Qb7 25. Qc3 Rb8 26. Qc7 Ne5 27.
Kg2 Kf8 28. Qxb7 Rxb7 29. Rc8+ Kg7 30. Ra8 Rb2 31. Rxa6 Nd3 32. a4 Nxf2 33. Kf3
Nd3 34. Ra7 Kf8 35. h4 Ne5+ 36. Ke3 Rb3+ 37. Kf2 Rb2+ 38. Ke3 Rb3+ 39. Kf2 Rb2+
1/2-1/2